000
00326nam a2200133Ia 4500
005
20251222155053.0
008
251222s9999||||xx |||||||||||||| ||spa||
082
_a
CIE. 13.1
100
_a
Univ. Cayetano Heredia.
245
0
_a
Curso Intensivo Volumen I
250
_a
3ra. ed.
264
_b
Ciencia y técnica
942
_c
LIB
999
_c
37371
_d
37371